Discursos (Registro nro. 1840)

Detalles MARC
000 -CABECERA
Longitud fija campo de control 00683nam a22002171 4500
001 - NÚMERO DE CONTROL
Número de control bimo0000639002
003 - IDENTIFICADOR DELl NÚMERO DE CONTROL
Identificador del número de control OSt
005 - FECHA Y HORA DE LA ÚLTIMA TRANSACCIÓN
Fecha y hora de la última transacción 20130924173002.0
008 - CÓDIGOS DE INFORMACIÓN DE LONGITUD FIJA
Códigos de información de longitud fija 900725s1973 dma spa
040 ## - FUENTE DE LA CATALOGACIÓN
Centro catalogador de origen SpMaBN
Lengua de catalogación spa
Centro transcriptor BMC
082 ## - NÚMERO DE LA CLASIFICACIÓN DECIMAL DEWEY
Númeroo de clasificación 972.93054
082 ## - NÚMERO DE LA CLASIFICACIÓN DECIMAL DEWEY
Númeroo de clasificación 080 Balaguer, Joaquín
100 1# - PUNTO DE ACCESO PRINCIPAL-NOMBRE DE PERSONA
Nombre de persona Balaguer, Joaquín
Fechas asociadas al nombre 1906-2002
9 (RLIN) 3070
245 10 - MENCIÓN DE TÍTULO
Título Discursos
Resto del título : temas históricos y literarios
Mención de responsabilidad, etc. Joaquín Balaguer
260 0# - PUBLICACIÓN, DISTRIBUCIÓN, ETC. (PIE DE IMPRENTA)
Lugar de publicación, distribución, etc. Santo Domingo
Nombre del editor, distribuidor, etc. Corripio
Fecha de publicación, distribución, etc. 1973
300 ## - DESCRIPCIÓN FÍSICA
Extensión 331 p.
Otras características físicas lám. bl. y n.
Dimensiones 19 cm
651 ## - PUNTO DE ACCESO ADICIONAL DE MATERIA - NOMBRE GEOGRÁFICO
9 (RLIN) 3169
Nombre geográfico República Dominicana
Subdivisión de materia general Historia
942 ## - ENTRADA DE ELEMENTOS AGREGADOS (KOHA)
Fuente de clasificaión o esquema Dewey Decimal Classification
Koha [por defecto] tipo de item 1- Monografias
980 ## - EQUIVALENCIA O SECCIÓN-REFERENCIA-INFORME SERIES--NOMBRE / TÍTULO DE PERSONA [LOCAL, CANADA]
Nombre personal M-BN
Numeración BNALCALA
Atributo cualificador DL/7141
T&íacute;tulos u otras palabras asociadas a nombre CONSERVACI
980 ## - EQUIVALENCIA O SECCIÓN-REFERENCIA-INFORME SERIES--NOMBRE / TÍTULO DE PERSONA [LOCAL, CANADA]
Nombre personal M-BN
Numeración BNMADRID
Atributo cualificador HA/47568
T&íacute;tulos u otras palabras asociadas a nombre SG_RECOLET
Existencias
Suprimido Perdido Fuente de clasificación o esquema Estropeado Restricciones de uso No para préstamo Código de colección Localización permanente Localización actual Localización en estanter&íacute;as Fecha adquisición Fuente de adquisición Número de inventario Préstamos totales Signatura completa Código de barras Fecha última consulta Coste, precio reemplazado Fecha del precio de reemplazo Tipo de item de Koha
NULL NULL Dewey Decimal Classification NULL Prestable NULL NULL Biblioteca Miguel de Cervantes - UNICAES Biblioteca Miguel de Cervantes - UNICAES Sala Principal 10/08/2013 Donación - J. Giammattei 002258   972.93054 BAL dis 1002258 10/08/2013 19.91 10/08/2013 1- Monografias